000 00638nam a2200253Ia 4500
005 20250425161920.0
008 250425s9999 xx 000 0 und d
020 _a8478410287
041 _aspa
082 _a658.03
100 _aGRUPO EDITORIAL, OCEANO
245 0 _aENCICLOPEDIA DEL MANAGEMENT 3
250 _a1A ED.
260 _aBARCELONA
260 _aEspaƱa
_bGRUPO EDITORIAL OCEANO
_c1985
300 _a316
650 _aADMINISTRACION-ENCICLOPEDIAS
650 _aMARKETING INDUSTRIAL
650 _aMEDIO AMBIENTE
650 _aPUBLICIDAD
710 _aGRUPO EDITORIAL OCEANO
942 _c01
010 _a34791
999 _c218765
_d218765